000 00276nam a22001337a 4500
008 170823b xxu||||| |||| 00| 0 eng d
020 _a9780176477202
041 _aeng
080 _a51
100 _a38
101 _aMAT
245 _aCALCULUS
_cSTEWART/J
942 _2udc
_cBK
999 _c24638
_d24638